Social and economic change monographs 53 (Record no. 1410197)
[ view plain ]
| 000 -LEADER | |
|---|---|
| fixed length control field | 00468nam a2200181 4500 |
| 001 - CONTROL NUMBER | |
| control field | vtls001988780 |
| 003 - CONTROL NUMBER IDENTIFIER | |
| control field | NLI |
| 005 - DATE AND TIME OF LATEST TRANSACTION | |
| control field | 20210630141058.0 |
| 008 - FIXED-LENGTH DATA ELEMENTS--GENERAL INFORMATION | |
| fixed length control field | 180402s ii 001 eng |
| 039 #9 - LEVEL OF BIBLIOGRAPHIC CONTROL AND CODING DETAIL [OBSOLETE] | |
| -- | 201804021730 |
| -- | umakar |
| 100 1# - MAIN ENTRY--PERSONAL NAME | |
| Personal name | Balasubramanian, M. |
| 9 (RLIN) | 786371 |
| 245 10 - TITLE STATEMENT | |
| Title | Social and economic change monographs 53 |
| 260 ## - PUBLICATION, DISTRIBUTION, ETC. | |
| Date of publication, distribution, etc. | 2017 |
| 887 ## - NON-MARC INFORMATION FIELD | |
| Content of non-MARC field | |
| 903 ## - LOCAL DATA ELEMENT C, LDC (RLIN) | |
| a | Uma |
| 942 ## - ADDED ENTRY ELEMENTS (KOHA) | |
| Source of classification or shelving scheme | Dewey Decimal Classification |
| Koha item type | Books |
| Withdrawn status | Lost status | Damaged status | Not for loan | Home library | Current library | Date acquired | Total Checkouts | Date last seen | Price effective from | Koha item type |
|---|---|---|---|---|---|---|---|---|---|---|
| National Library of India | National Library of India | 30/06/2021 | 30/06/2021 | Books |
